000
00431nam a2200133Ia 4500
008
100328s9999 xx 000 0 und d
082
_b
3743
100
_a
वरेरकर भार्गवराम विठ्ठल
245
_a
धावता घोटा भाग-2
260
_b
मौज
630
_a
धावता घोटा भाग-2
730
_a
धावता घोटा भाग-2
942
_c
BOOK
999
_c
499863
_d
499860